Python for Data Science for Dummies. (Record no. 167)

MARC details
005 - DATE AND TIME OF LATEST TRANSACTION
control field 20250617170403.0
020 ## - INTERNATIONAL STANDARD BOOK NUMBER
International Standard Book Number 978-1-118-84418-2
082 ## - DEWEY DECIMAL CLASSIFICATION NUMBER
Classification number 005.133 MAS
100 ## - MAIN ENTRY--PERSONAL NAME
Author name MASSARON, L.
245 ## - TITLE STATEMENT
Title Python for Data Science for Dummies.
260 ## - PUBLICATION, DISTRIBUTION, ETC.
Place of publication, distribution, etc. Canada,
Name of publisher, distributor, etc. John Wiley,
Date of publication, distribution, etc. 2015.
300 ## - PHYSICAL DESCRIPTION
Extent xii, 418p.: ill.; figure ,graph, table.
Other physical details Index.
Dimensions 24cm.
700 ## - ADDED ENTRY--PERSONAL NAME
Other authors/Editors MUELLER, J.P.
856 ## - ELECTRONIC LOCATION AND ACCESS
Link text Access online book
Electronic name Computer
Path http://www.wiley.com/go/permissions
942 ## - ADDED ENTRY ELEMENTS (KOHA)
Source of classification or shelving scheme Dewey Decimal Classification
Koha item type Books
Holdings
Date last seen Total checkouts Full call number Barcode Cost, replacement price Price effective from Koha item type Lost status Source of classification or shelving scheme Damaged status Not for loan Withdrawn status Home library Current library Shelving location Date acquired Cost, normal purchase price
03/07/2025   005.133 MAS 000000385 177189.00 03/07/2025 Books   Dewey Decimal Classification       College of Business Education Main Library College of Business Education Main Library Special Reserve Collection 03/07/2025 59063.00
03/07/2025   005.133 MAS 000000386 177189.00 03/07/2025 Books   Dewey Decimal Classification       College of Business Education Main Library College of Business Education Main Library General Collection 03/07/2025 59063.00
03/07/2025   005.133 MAS 000000387 177189.00 03/07/2025 Books   Dewey Decimal Classification       College of Business Education Main Library College of Business Education Main Library General Collection 03/07/2025 59063.00